000
00340 a2200157 4500
001
45572
020
_a
0307261050
040
_c
Anchieta - Aquarius
100
_a
Brown, Wise
240
1
0
_a
I like stars
_l
por
245
1
0
_a
I like stars
300
_a
32
362
0
_a
1999
650
4
_a
Literatura infanto-juvenil em inglês
942
_c
BK
999
_c
45572
_d
45572